| 000 | 01432cam a22003617a 4500 | ||
|---|---|---|---|
| 003 | CHAP | ||
| 005 | 20220817043824.0 | ||
| 008 | 020218d2001 mx ab r 00110 spa d | ||
| 010 | _a85331 | ||
| 011 | _a86303 | ||
| 035 | _a96841 | ||
| 040 | _cCHAP | ||
| 090 | _aTesis | ||
| 100 | 0 | 0 |
_aHernández San Román, Matías Edilberto. _954597 |
| 245 | 1 | 0 |
_aErosión y conservación de suelos en sistémas agroforestales de café (Coffea spp.) en la Huasteca Alta de Veracruz _c/por Matías Edilberto Hrenández San Román |
| 260 |
_aChapingo, Méx. : _bEl autor, _c2001. |
||
| 300 |
_a153 h. ; _bilus. ; gráfs. ; mapas ; cuadros |
||
| 502 | _aTesis (M.C. en Agroforestería para el Desarrollo Sostenible) -- UACH. Centro de Agroforestería para el Deasarrollo Sostenible | ||
| 590 |
_aALEPH _b10 _c20130110 _lUCH01 _h1446 |
||
| 590 |
_aBATCH-UPD _b10 _c20130110 _lUCH01 _h2031 |
||
| 590 |
_aBATCH-UPD _b10 _c20130410 _lUCH01 _h1348 |
||
| 590 |
_aBATCH-UPD _b10 _c20130913 _lUCH01 _h2211 |
||
| 590 |
_aCONVERSION _b10 _c20130109 _lUCH01 _h1347 |
||
| 650 | 1 | 4 |
_aAgroforestería _zVeracruz. _92181 |
| 650 | 1 | 4 |
_aCafé _zVeracruz. |
| 650 | 1 | 4 |
_aErosión _xPrevención y control. _937337 |
| 650 | 1 | 4 |
_aSuelos _xConservación _xVeracruz. _9110318 |
| 901 | _aBK | ||
| 905 | _aMayto Villalobos S. | ||
| 942 | _cFOLL | ||
| 949 |
_aTesis _bBC _cTES _d33724000848735 _eTS2 _fc.2 _h39291 _i96841 _si |
||
| 949 |
_aTesis _bBC _cTES _d968411 _eTS1 _h39290 _i96841 _sb |
||
| 999 |
_c85331 _d85331 |
||